Derecho real de dominio y acción reivindicatoria: posesión y acciones posesorias

Kaydedildi:
Detaylı Bibliyografya
Yazar: Mejías Alonzo, Claudia Carolina (autora)
Materyal Türü: Kitap
Dil:İspanyolca
Baskı/Yayın Bilgisi: Santiago, Chile. DER Ediciones Limitada, 2018
Edisyon:Primera edición.
Seri Bilgileri:Cuadernos Jurídicos de la Academia Judicial
Konular:
Etiketler: Etiketle
Etiket eklenmemiş, İlk siz ekleyin!

MARC

LEADER 00000cam a2200000 a 4500
001 UCC6269
003 CL-VaPUC
005 20240813123128.0
008 181130e20180000cl |||||||||||||||||spa|d
999 |c 373253  |d 373251 
020 |a 9789569959387 
040 |c Pontificia Universidad Católica de Valparaíso 
082 0 4 |a 346.04 MEJ 2018  |2 21 
100 |a Mejías Alonzo, Claudia Carolina  |e autora  |9 868770 
245 1 0 |a Derecho real de dominio y acción reivindicatoria: posesión y acciones posesorias 
250 |a Primera edición. 
260 |a Santiago, Chile.  |b DER Ediciones Limitada,   |c 2018 
300 |a 166 páginas  
490 0 |a Cuadernos Jurídicos de la Academia Judicial 
500 |a c.3 - Donación Sra. María Graciela Brantt Zumarán (Decana) - Memo Nº004 / DER 02/11/2021 
583 |a last modification  |c 20181206 12:03:06  |k Rodrigo Vera 
650 0 |a Derechos reales  |9 257708 
650 0 |a Derecho civil  |9 255013 
650 0 |a Derecho de propiedad  |9 256450 
650 0 |a Prenda  |9 254917 
942 |c BK  |2 ddc 
945 |d 20181130 13:53:00  |a dcastane 
952 |0 0  |1 0  |3 erb  |4 0  |6 346_040000000000000_MEJ_2018  |7 0  |8 A  |9 491318  |a BIBDER  |b BIBDER  |i 5519233  |l 3  |o 346.04 MEJ 2018  |p 5519233  |r 2024-08-09  |s 2024-08-09  |w 2019-11-24  |y BK  |z Catalogado en:20181130  |k DER 
952 |0 0  |1 0  |2 ddc  |3 erb  |4 0  |6 346_040000000000000_MEJ_2018  |7 1  |8 C_LRYV  |9 491319  |a BIBDER  |b BIBDER  |i 5521475  |o 346.04 MEJ 2018  |p 5521475  |r 2023-01-25  |w 2019-11-24  |y BK_X  |z Catalogado en:20181207  |k BRV 
952 |0 0  |1 0  |2 ddc  |4 0  |6 346_040000000000000_MEJ_2018  |7 0  |8 A  |9 579372  |a BIBDER  |b BIBDER  |d 2021-11-23  |i 5627265  |l 7  |m 1  |o 346.04 MEJ 2018  |p 5627265  |r 2025-04-07  |s 2025-04-07  |t 3  |w 2021-11-23  |y BK  |k DER